Analisis aktiviti pencegahan jenayah ragut : satu kajian di Ibu Pejabat Polis Dearah Kajang Selangor /

Bibliographic Details
Main Author: Zulkifli Bin Che Wail
Format: Book
Published: Kuala Lumpur: INTAN, 2005.
Kedah: Universiti Utara Malaysia, 2005.
Subjects:
LEADER 00655cam a2200193 7i4500
001 0000011829
005 20151104090000.0
005 ##20151104113000.0
003 ##MY-KlINT
039 # 9 |y 201511041130  |z VLOAD 
090 0 0 |a SSP 12/05  
100 1 # |a Zulkifli Bin Che Wail 
245 1 0 |a Analisis aktiviti pencegahan jenayah ragut :   |b satu kajian di Ibu Pejabat Polis Dearah Kajang Selangor /   |c Zulkifli Bin Che Wail. 
260 # # |a Kuala Lumpur:   |b INTAN,   |c 2005. 
260 # # |a Kedah:   |b Universiti Utara Malaysia,   |c 2005. 
300 # # |a 67 m.s. 
500 # # |a Ijazah Sarjana Sains (Pengurusan) 
650 # 0 |a Thesis --   |z Malaysia  
999 |a 0000065312  |b BOOK  |c Dissertation  |e INTAN BK